| 000 | 00440nam a22001697a 4500 | ||
|---|---|---|---|
| 020 | _a9786017367084 | ||
| 082 |
_a904 _bBAI |
||
| 100 | _aBaibatsha,A.B | ||
| 245 |
_aAnthropogenic history of Kazakhstan/ _cM.SH. Alinov |
||
| 260 |
_aAlmaty: _bBastau; _c2012. |
||
| 300 | _a276p. | ||
| 504 | _akazakhstan books | ||
| 563 | _aPB | ||
| 650 |
_aAnthropogenic _9133632 |
||
| 650 |
_ahistory of kazakhstan _9133633 |
||
| 942 |
_2ddc _cBK |
||
| 999 |
_c616597 _d616597 |
||